01486nam a2200445 i 4500001000700000003000800007005001700015006001900032007001500051008004100066020001800107020002700125035002300152035002400175035002500199035002100224040003100245050002300276080000800299082001800307100002100325245007500346264003900421300004100460336003100501337003300532338004300565490001900608504002900627588012800656650002300784650003200807650001700839650002800856651001200884655002700896700003500923830002000958856006200978133875FlNmELB20241217180705.0m o d | cr cnu||||||||161010s2007 sp ob 000 0 spa d z9788491162834 a9788491162841 (e book) a(MiAaPQ)EBC4675949 a(Au-PeEL)EBL4675949 a(CaPaEBR)ebr11259500 a(OCoLC)984772209 aFINmELBbspaerdacFINmELB 4aPA3265bP2932 2007 a8080 a808.009382231 aPastor, Lluís.13aLa retórica antigua /cLluís Pastor ; prólogo de Xavier Laborda. 1aBarcelona :bEditorial UOC,c2007. a1 recurso en línea (102 páginas) atextobtxt2rdacontent/spa acomputadorabc2rdamedia/spa arecurso en líneabcr2rdacarrier/spa1 aComunicación aContiene bibliografía. aDescripción basada en recurso en línea; Título de la página del título en PDF (e-libro, visto November 10, 2016). 0aRhetoric, Ancient. 0aSophists (Greek philosophy) 4aFilosofía. 4aCivilización antigua. 4aGrecia. 4aLibros electrónicos.1 aLaborda, Xavier,eprologuista. 0aComunicación.40uhttps://elibro.net/ereader/politecnicointernacional/58535